000 00880cam a22002894a 4500
001 77351
003 BD-RjUL
005 20211209082948.0
008 040415s2003 inua 001 0 eng
020 _a0789730057 (pbk.)
035 _a(BD-RjUL)77576
040 _aDLC
_cDLC
_dDLC
_dBD-RjUL
_beng
041 _aeng
042 _apcc
082 0 0 _a005.54
_222
_bJOS 2003
100 1 _aJohnson, Steve,
_d1961-
_9240992
245 1 0 _aShow me Microsoft Office Excel 2003 /
_cSteve Johnson.
260 _aIndianapolis, IN :
_bQue Pub.,
_cc2003.
300 _axviii, 365 p. :
_bill. ;
_c24 cm.
500 _aIncludes index.
650 0 _aBusiness
_xComputer programs.
_9240993
650 0 _aElectronic spreadsheets.
_9240994
856 4 2 _aCompanion software
_uhttp://www.quepublishing.com/showme
942 _2ddc
_cBK
999 _c77351
_d77351